000 01386 a2200229 4500
001 22371
005 20260407155514.0
008 260407a2003 arg spa d
003 AR-UNSa-BCEJYS
040 _aAR-UNSa-BCEJYS
_bspa
_cAR-UNSa-BCEJYS
080 _a658.16
_xReorganización financiera (Proyectos de inversión)
245 1 0 _aPreparación y evaluación de proyectos
020 _a978-970-10-4248-9
250 _a4a. ed
264 1 _aMéxico :
_bMcGraw-Hill
_c2003
300 _a408 p.
_c23 cm.
505 _a1. El estudio de los proyectos - 2. El proceso de preparación y evaluación de proyectos - 3. Estructura económica del mercado - 4. El estudio de mercado - 5. Técnicas de proyección del mercado - 6. Estimación de costos - 7. Antecedentes económicos del estudio técnico - 8. La determinación del tamaño - 9. Decisiones de localización - 10. Efectos económicos de los aspectos organizacionales - 11. Antecedentes económicos del estudio legal - 12. Las inversiones del proyecto - 13. Beneficios del proyecto - 14. Construcción de flujo de caja - 15. Criterios de evaluación de proyectos- 16. Tasa de descuento - 17. Análisis de riesgo - 18. Análisis de sensibilidad - 19. Preparación y evaluación social de proyectos.
942 _cBK
590 _aniveau_biblio:m niveau_hierar:0
100 1 _aSapag Chain, Nassir
700 1 _aSapag Chain, Reinaldo
999 _c989
_d989